000 00282nam a22001337a 4500
008 181221b xxu||||| |||| 00| 0 eng d
020 _a0137544395
041 _aeng
080 _a316
100 _a50
101 _aSOC
245 _aRural Society
_cSanders, I.T
942 _2udc
_cBK
999 _c53590
_d53590